<?xml version="1.0" encoding="UTF-8"?>
<record
    xmlns:xsi="http://www.w3.org/2001/XMLSchema-instance"
    xsi:schemaLocation="http://www.loc.gov/MARC21/slim http://www.loc.gov/standards/marcxml/schema/MARC21slim.xsd"
    xmlns="http://www.loc.gov/MARC21/slim">

  <leader>02296agaaa2200325   4500</leader>
  <controlfield tag="001">8891</controlfield>
  <controlfield tag="003">IT-RoPAU</controlfield>
  <controlfield tag="005">20220918181247.0</controlfield>
  <controlfield tag="007">d cvaizq</controlfield>
  <controlfield tag="008">50131s9999||||xx ||| |     ||   ||und||</controlfield>
  <datafield tag="040" ind1=" " ind2=" ">
    <subfield code="a">IT-RoPAU</subfield>
    <subfield code="c">IT-RoPAU</subfield>
  </datafield>
  <datafield tag="041" ind1=" " ind2=" ">
    <subfield code="a">ITALIANO</subfield>
  </datafield>
  <datafield tag="100" ind1=" " ind2=" ">
    <subfield code="a">Comencini Luigi</subfield>
    <subfield code="g">Codice regista SPICS: 7883</subfield>
    <subfield code="9">47600</subfield>
  </datafield>
  <datafield tag="130" ind1=" " ind2=" ">
    <subfield code="a">PROIBITO RUBARE</subfield>
    <subfield code="9">47601</subfield>
  </datafield>
  <datafield tag="245" ind1=" " ind2=" ">
    <subfield code="a">PROIBITO RUBARE</subfield>
    <subfield code="c">Prodotto da: Ponti C. Martello G. -- Sceneggiatura: Buzzi Aldo Cecchi D'Amico Suso Comencini Luigi Curcio Armando -- Diretto da: Comencini Luigi</subfield>
    <subfield code="p">PROIBITO RUBARE (Rif. Codice opera principale : H8891)</subfield>
  </datafield>
  <datafield tag="250" ind1=" " ind2=" ">
    <subfield code="a">Edizione Standard</subfield>
  </datafield>
  <datafield tag="260" ind1=" " ind2=" ">
    <subfield code="a">(ITALIA)</subfield>
    <subfield code="b">LUX FILM / Distribuzione: MAGAZZINO DISP</subfield>
    <subfield code="g">"1948 (1&#xB0; ed.: 2009 ; Ed. Lingua Orig.: 1948)"</subfield>
  </datafield>
  <datafield tag="300" ind1=" " ind2=" ">
    <subfield code="a">DVD</subfield>
    <subfield code="b">sonoro, b&amp;w</subfield>
    <subfield code="c">80 minuti</subfield>
  </datafield>
  <datafield tag="508" ind1=" " ind2=" ">
    <subfield code="a">"Fotografia: Tonti Aldo; Montaggio: Novelli Adriana; Musica: Rota Nino; Sceneggiatura: Buzzi Aldo Cecchi D'Amico Suso Comencini Luigi Curcio Armando; Scenografia: Gherardi Piero; Soggetto: Martello Gigi -- Cecchi D'Amico Suso"</subfield>
  </datafield>
  <datafield tag="511" ind1=" " ind2=" ">
    <subfield code="a">"Celi Adolfo; Pica Tina; Russo Mario; Dermastro Luigi; Girelli Antonio; De; Michele C."</subfield>
  </datafield>
  <datafield tag="520" ind1=" " ind2=" ">
    <subfield code="a">"DON PIETRO MISSIONARIO DIRETTO IN AFRICA, SUBISCE UN FURTO A NAPOLI PER OPERA DI ALCUNI RAGAZZINI DI STRADA. L'ESPERIENZA GLI FA CAPIRE CHE I RAGAZZIDI NAPOLI POSSONO AVER BISOGNO DEL SUO AIUTO E DECIDE QUINDI DI FONDARE LACITTA' DEI RAGAZZI, UNA CASA DI ACCOGLIENZA PER LORO. GRAZIE ALLE OFFERTEDELLA CITTA', DON PIETRO RIESCE A PORTARE AVANTI LA SUA OPERA SENZA PROBLEMI, FINCHE' NON SCOPRE CHE LA MAGGIOR PARTE DELLE OFFERTE PROVIENE DALLA REFURTIVA ACCUMULATA DAI RAGAZZI... CONTENUTI EXTRA: GALLERIA FOTOGRAFICA TRATTA DALL'ARCHIVIO DELLA FONDAZIONE CINETECA ITALIANA; INTERVISTA A PAOLO MEREGHETTI; PRESENTAZIONE CINEMATOGRAFICA ORIGINALE; FILMOGRAFIE."</subfield>
  </datafield>
  <datafield tag="538" ind1=" " ind2=" ">
    <subfield code="a">PAL, STEREO</subfield>
  </datafield>
  <datafield tag="546" ind1=" " ind2=" ">
    <subfield code="a">ITALIANO</subfield>
  </datafield>
  <datafield tag="650" ind1=" " ind2=" ">
    <subfield code="a">COMMEDIA - DRAMMA</subfield>
    <subfield code="e">DVD-FILM [DVD]</subfield>
    <subfield code="x">Codice MATERIA SPICS: 9947</subfield>
    <subfield code="9">47602</subfield>
  </datafield>
  <datafield tag="700" ind1=" " ind2=" ">
    <subfield code="a">Cecchi D'Amico Suso </subfield>
    <subfield code="e">(soggetto)</subfield>
    <subfield code="g">Codice Soggetto 2&#xB0; SPICS: 7581</subfield>
    <subfield code="9">47603</subfield>
  </datafield>
  <datafield tag="700" ind1=" " ind2=" ">
    <subfield code="a">Comencini Luigi </subfield>
    <subfield code="e">(regista)</subfield>
    <subfield code="g">Codice regista SPICS: 7883</subfield>
    <subfield code="9">47604</subfield>
  </datafield>
  <datafield tag="700" ind1=" " ind2=" ">
    <subfield code="a">Martello Gigi </subfield>
    <subfield code="e">(soggetto)</subfield>
    <subfield code="g">Codice Soggetto SPICS: 59546</subfield>
    <subfield code="9">47605</subfield>
  </datafield>
  <datafield tag="700" ind1=" " ind2=" ">
    <subfield code="a">Rota Nino</subfield>
    <subfield code="e">(musica)</subfield>
    <subfield code="g">Codice Musica SPICS: 11128</subfield>
    <subfield code="9">47606</subfield>
  </datafield>
  <datafield tag="942" ind1=" " ind2=" ">
    <subfield code="c">DV</subfield>
    <subfield code="2">ddc</subfield>
  </datafield>
  <datafield tag="999" ind1=" " ind2=" ">
    <subfield code="c">106573</subfield>
    <subfield code="d">106573</subfield>
  </datafield>
  <datafield tag="952" ind1=" " ind2=" ">
    <subfield code="0">0</subfield>
    <subfield code="1">0</subfield>
    <subfield code="4">0</subfield>
    <subfield code="6">H_8891_000000000000000</subfield>
    <subfield code="7">1</subfield>
    <subfield code="a">SPICS</subfield>
    <subfield code="b">SPICS</subfield>
    <subfield code="d">2015-01-31</subfield>
    <subfield code="l">0</subfield>
    <subfield code="o">H8891</subfield>
    <subfield code="r">2015-01-31 00:00:00</subfield>
    <subfield code="w">2015-01-31</subfield>
    <subfield code="y">DV</subfield>
    <subfield code="z">Progr. Ins.: 3822 / N.Vol.:1 / Copie: 1 / Pag.:0 / Copia rara: n.d. / date import: 1.2.2015 / By Epidotti, Trombetti, Vaglietti</subfield>
  </datafield>
</record>
